000 00315nam a2200145Ia 4500
100 _aChitode/J.S
942 _cBK
654 _anumerical
245 _aNumerical techniques
260 _bTECHNICAL PUBLICATIONS
_aNew Delhi
_c2005
082 _a513.5/CHI
_bCHI
300 _a616
546 _aENGLISH
999 _c28767
_d28767